000
00264nam a2200109Ia 4500
008
200103s9999||||xx |||||||||||||| ||und||
040
_a
IMU-MPC
082
_a
Column-4
100
_a
Fernandes, Edrich
245
0
_a
Bridge equipment and watchkeeping notes
942
_c
BK
999
_c
3165
_d
3165